| 000 | 00649nam a2200205 i 4500 | ||
|---|---|---|---|
| 001 | 145995 | ||
| 003 | ES-MaACL | ||
| 005 | 20240529062946.0 | ||
| 007 | t| | ||
| 008 | 071018s1970 sp ||||1| spa d | ||
| 100 | 1 |
_aVega, Lope de, _d1562-1635 _9113563 |
|
| 245 | 1 | 3 |
_aEl lacayo fingido / _cLope de Vega ; [edición e introducción de Carmen Bravo-Villasante]. |
| 260 |
_aMadrid : _bTaurus, _c[1970] |
||
| 300 |
_a205 p. ; _c18 cm. |
||
| 490 | 1 |
_aTemas de España ; _v87 |
|
| 700 | 1 |
_aBravo-Villasante, Carmen, _d1918-1994 _931507 |
|
| 830 | 0 |
_aTemas de España ; _v87 _9180759 |
|
| 852 |
_aES-MaACL _jA-5794 _bR.94530 |
||
| 999 |
_c145995 _d145995 |
||